000 01405nam a2200349 i 4500
001 768714001
003 CO-MdFUSB
005 20250801121223.0
008 190521s2018 ck a|||g |||| 00| 0 spa d
040 _aCO-MdFUSB
_bspa
_cCO-MdFUSB
_dCO-MdFUSBC
_erda
041 _aspa
082 _224
_aAV 0036
245 0 _aInventario de habilidades profesionales
_c/ Christopher M. Hays, con Isaura Espitia Zuñiga y Steban Andrés Villadiego Ramos
264 1 _aMedellín, Colombia :
_bPublicaciones SBC,
_c℗2018
264 4 _c©2018
300 _c28 cm ;
_bilustraciones
_a18 páginas
_eMaterial acompañante.
336 _2rdacontent
_atexto
_btxt
337 _2rdamedia
_asin mediación
_bn
337 _2rdamedia
_ainformático
_bc
338 _2rdacarrier
_avolumen
_bnc
338 _2rdacarrier
_aremoto
_bcr
490 1 _aFe y desplazamiento
505 _aInventario de habilidades profesionales -- Inventario de habilidades personales -- Inventario de habilidades comunitarias -- Intereses y experiencia emprendedores -- Datos del entrevistado
563 _aRústico
650 0 _91177
_aIglesia y problemas sociales
730 _aInventario de habilidades.
830 _aFe y desplazamiento
_p: La misión y el ministerio de la iglesia
856 _uhttps://repositorio.repci.co/handle/123456789/302
942 _cAV
945 _aANF- 558
999 _c65065
_d65065